MARC details
| 000 -LEADER |
| fixed length control field |
01081nam a2200253Ia 4500 |
| 003 - CONTROL NUMBER IDENTIFIER |
| control field |
IN-BaIIA |
| 008 - FIXED-LENGTH DATA ELEMENTS--GENERAL INFORMATION |
| fixed length control field |
211028s9999 xx 000 0 eng d |
| 020 ## - INTERNATIONAL STANDARD BOOK NUMBER |
| International Standard Book Number |
0-937707-92-9 |
| 040 ## - CATALOGING SOURCE |
| Transcribing agency |
IIA Library |
| 080 ## - UNIVERSAL DECIMAL CLASSIFICATION NUMBER |
| Universal Decimal Classification number |
082.2:52 |
| Item number |
ASP-73 |
| 111 ## - MAIN ENTRY--MEETING NAME |
| Meeting name or jurisdiction name as entry element |
Airborne Astronomy Symposium on the Galactic Ecosystem, From Gas To Stars To Dust |
| Location of meeting |
Moffett Field, California |
| Date of meeting or treaty signing |
1994 July 5-8 |
| 9 (RLIN) |
20670 |
| 245 #0 - TITLE STATEMENT |
| Title |
Airborne Astronomy Symposium on the galactic ecosystem |
| Remainder of title |
proceedings of the airborne Astronomy Symposium on the galactic ecosystem, from gas to Stars to dust, held in Moffett Field, California, USA, 5-8 Jul 1994 |
| Statement of responsibility, etc. |
edited by Michael R. Haas, Jacqueline A. Davidson, and Edwin F. Erickson. |
| 260 ## - PUBLICATION, DISTRIBUTION, ETC. |
| Place of publication, distribution, etc. |
California |
| Name of publisher, distributor, etc. |
Astronomical Society of the Pacific |
| Date of publication, distribution, etc. |
1995 |
| 300 ## - PHYSICAL DESCRIPTION |
| Extent |
[various pagings.] |
| 650 ## - SUBJECT ADDED ENTRY--TOPICAL TERM |
| Topical term or geographic name entry element |
Airborne Astronomy |
| 9 (RLIN) |
20671 |
| 650 ## - SUBJECT ADDED ENTRY--TOPICAL TERM |
| Topical term or geographic name entry element |
Dust |
| 9 (RLIN) |
10965 |
| 650 ## - SUBJECT ADDED ENTRY--TOPICAL TERM |
| Topical term or geographic name entry element |
Galactic ecosystem |
| 9 (RLIN) |
20672 |
| 650 ## - SUBJECT ADDED ENTRY--TOPICAL TERM |
| Topical term or geographic name entry element |
Gas |
| 9 (RLIN) |
2913 |
| 650 ## - SUBJECT ADDED ENTRY--TOPICAL TERM |
| Topical term or geographic name entry element |
Stars |
| 700 ## - ADDED ENTRY--PERSONAL NAME |
| Personal name |
Davidson, J. A., ed. |
| 9 (RLIN) |
20673 |
| 700 ## - ADDED ENTRY--PERSONAL NAME |
| Personal name |
Erickson, E. F., ed. |
| 9 (RLIN) |
20674 |
| 700 ## - ADDED ENTRY--PERSONAL NAME |
| Personal name |
Hass, M. R., ed. |
| 9 (RLIN) |
20675 |
| 942 ## - ADDED ENTRY ELEMENTS (KOHA) |
| Koha item type |
Books |